[Event "Niederrhein-ch"]
[Site "Niederrhein"]
[Date "2005.03.23"]
[Round "6"]
[White "Ruprecht, Thomas"]
[Black "Vasiljev, Jurij"]
[Result "1-0"]
[WhiteElo "1985"]
[BlackElo "2086"]
[PlyCount "101"]
[EventDate "2005.03.18"]
[EventType "swiss"]
[EventRounds "9"]
[EventCountry "GER"]
[SourceTitle "CBM 105 Extra"]
[Source "ChessBase"]
[SourceDate "2005.05.01"]
[SourceVersion "1"]
[SourceVersionDate "2005.05.01"]
[SourceQuality "1"]

1. d4 Nf6 2. Nf3 d5 3. e3 Bg4 4. c4 e6 5. Qb3 Qc8 6. Ne5 c6 7. Nxg4 Nxg4 8. Nc3 Nd7 9. Be2 Ngf6 10. Bf3 Bd6 11. 0-0 0-0 12. e4 dxe4 13. Nxe4 Nxe4 14. Bxe4 Nf6 15. Bc2 e5 16. dxe5 Bxe5 17. h3 Qc7 18. Be3 c5 19. Rad1 Rad8 20. Qa3 b6 21. b3 h6 22. Qc1 Rfe8 23. Rxd8 Rxd8 24. Rd1 Rd6 25. Rxd6 Qxd6 26. Qd2 Qxd2 27. Bxd2 Kf8 28. Kf1 Ke7 29. Ke2 Ke6 30. f4 Bd4 31. Kf3 h5 32. g4 hxg4+ 33. hxg4 g6 34. Be1 Ne8 35. f5+ gxf5 36. Bxf5+ Ke7 37. Bh4+ f6 38. Ke4 Nd6+ 39. Kd5 Nxf5 40. gxf5 Kd7 41. Bg3 Be3 42. Be1 a5 43. Bc3 Bg5 44. a3 Bh4 45. b4 axb4 46. axb4 cxb4 47. Bxb4 Bf2 48. Bc3 Ke7 49. Kc6 Bc5 50. Bd2 Bd4 51. Bf4 1-0

[Event "Niederrhein-ch"]
[Site "Niederrhein"]
[Date "2005.03.20"]
[Round "3"]
[White "Feldhaus, Sebastian"]
[Black "Ruprecht, Thomas"]
[Result "0-1"]
[WhiteElo "1769"]
[BlackElo "1985"]
[PlyCount "60"]
[EventDate "2005.03.18"]
[EventType "swiss"]
[EventRounds "9"]
[EventCountry "GER"]
[SourceTitle "CBM 105 Extra"]
[Source "ChessBase"]
[SourceDate "2005.05.01"]
[SourceVersion "1"]
[SourceVersionDate "2005.05.01"]
[SourceQuality "1"]

1. Nc3 c5 2. Nf3 d6 3. e4 Nf6 4. Bb5+ Bd7 5. Bxd7+ Qxd7 6. d3 Nc6 7. h3 g6 8. Be3 Bg7 9. Qd2 0-0 10. 0-0 a6 11. Bh6 b5 12. Bxg7 Kxg7 13. Nh2 b4 14. Ne2 d5 15. exd5 Nxd5 16. Ng4 f6 17. Rae1 Rae8 18. Nf4 e5 19. Nxd5 Qxd5 20. Qh6+ Kg8 21. b3 f5 22. Ne3 Qd8 23. g3 Nd4 24. f4 Qa8 25. Rd1 Nf3+ 26. Kf2 Nh2 27. Ke2 Nxf1 28. Rxf1 e4 29. h4 exd3+ 30. cxd3 Qg2+ 0-1

[Event "Niederrhein-ch"]
[Site "Niederrhein"]
[Date "2003.04.13"]
[Round "3"]
[White "Ruprecht, Thomas"]
[Black "Strater, Heinz"]
[Result "0-1"]
[WhiteElo "2069"]
[BlackElo "1896"]
[PlyCount "64"]
[EventDate "2003.04.11"]
[EventType "swiss"]
[EventRounds "9"]
[EventCountry "GER"]
[SourceTitle "EXT 2006"]
[Source "ChessBase"]
[SourceDate "2005.11.24"]
[SourceVersion "1"]
[SourceVersionDate "2005.11.24"]
[SourceQuality "1"]

1. d4 Nf6 2. Nf3 g6 3. c4 c5 4. Nc3 cxd4 5. Nxd4 Bg7 6. e3 0-0 7. Be2 Nc6 8. 0-0 b6 9. Bf3 Bb7 10. Nde2 Rc8 11. b3 Qc7 12. Ba3 Rfe8 13. Rc1 Qb8 14. Nf4 Kh8 15. Qe2 e5 16. Nfd5 e4 17. Bg4 Nxg4 18. Qxg4 Ne5 19. Qg3 f5 20. Rfd1 Nd3 21. Bd6 Qa8 22. Nc7 Rxc7 23. Bxc7 Nxc1 24. Rxc1 d5 25. cxd5 Bxd5 26. Qd6 Bf7 27. Ne2 Qc8 28. Qa3 Qd7 29. Qxa7 Rc8 30. Qb7 Kg8 31. g3 Be5 32. Bxe5 Qxb7 0-1

[Event "Niederrhein-ch"]
[Site "Niederrhein"]
[Date "2003.04.11"]
[Round "1"]
[White "Ruprecht, Thomas"]
[Black "Vandenbergen, Nicolas"]
[Result "1-0"]
[WhiteElo "2069"]
[BlackElo "1742"]
[PlyCount "61"]
[EventDate "2003.04.11"]
[EventType "swiss"]
[EventRounds "9"]
[EventCountry "GER"]
[SourceTitle "EXT 2006"]
[Source "ChessBase"]
[SourceDate "2005.11.24"]
[SourceVersion "1"]
[SourceVersionDate "2005.11.24"]
[SourceQuality "1"]

1. d4 d5 2. Nf3 Nc6 3. e3 Bg4 4. Bb5 e6 5. c3 Bd6 6. Nbd2 Nge7 7. e4 dxe4 8. Nxe4 0-0 9. h3 Bh5 10. Be2 e5 11. d5 Nb8 12. 0-0 Bg6 13. Nxd6 cxd6 14. c4 Nd7 15. Nh4 Rc8 16. b3 b5 17. Nxg6 hxg6 18. cxb5 Nb6 19. Bf3 f5 20. Bg5 Kh8 21. a4 e4 22. Be2 Nbxd5 23. Bc4 Nf6 24. Be3 Rb8 25. Bf4 Rb6 26. Rc1 g5 27. Be3 Rb7 28. Bxg5 d5 29. g4 g6 30. Qd4 Kg7 31. Bxf6+ 1-0